Państwa według ilości spożytego alkoholu - Statystyki

Ogólne statystyki
  • Ten quiz został rozwiązany 19 099 razy
  • Średni wynik to 12 z 22
Statystyki odpowiedzi
Drinki na dzień Państwo % Poprawnych
1.81 Polska
99%
1.99 Niemcy
92%
2.22 Czechy
80%
1.90 Francja
80%
1.96 Hiszpania
77%
1.76 Wielka Brytania
71%
1.76 Białoruś
64%
2.04 Litwa
63%
1.85 Portugalia
63%
1.98 Łotwa
61%
1.85 Austria
57%
1.99 Irlandia
56%
1.81 Rumunia
53%
1.84 Słowenia
49%
1.78 Szwajcaria
49%
1.96 Bułgaria
48%
1.76 Mołdawia
41%
1.99 Luksemburg
30%
1.78 Czarnogóra
29%
3.16 Seszele
6%
2.33 Uganda
6%
1.85 Burkina Faso
4%
Nie znaleziono quizów pasujących do podanych kryteriów
Rozkład punktacji
Procent ludzi z każdym wynikiem
Percentyl według liczby udzielonych odpowiedzi
Twoja historia wyników
Nie rozwiązałeś tego quizu